000 00455nam a2200181Ia 4500
001 3277
005 20260306144909.0
008 260306t2016||||xx |||||||||||||| ||spa||
041 _aESP
082 _a263
_bG23
100 _aGarcía Campayo, Javier
_eAUT
245 0 _aMindfulness y cristianismo:
_bentre la palabra y el silencio
260 _c2016
300 _a270 páginas :
_c24 cm.
650 _aGEN
654 _aCHU
942 _cLIB
_dJUS
_fJUS
_2ddc
_n
999 _c3277
_d3277